[Event "CZE-ch U12"]
[Site "Herlikovice"]
[Date "2021.10.27"]
[Round "5"]
[White "Bara, Jan"]
[Black "Ocelak, Lukas"]
[Result "1-0"]
[WhiteElo "1413"]
[BlackElo "1304"]
[PlyCount "105"]
[EventDate "2021.10.23"]
[EventType "swiss"]
[EventRounds "9"]
[EventCountry "CZE"]
[SourceTitle "EXT 2023"]
[Source "ChessBase"]
[SourceDate "2022.10.05"]
[SourceVersion "1"]
[SourceVersionDate "2022.10.05"]
[SourceQuality "1"]

1. d4 Nf6 2. c4 e6 3. a3 b6 4. Nc3 Bb7 5. Nf3 d6 6. Bg5 h6 7. Bh4 g5 8. Bg3 Ne4 9. Qc2 f5 10. e3 Nd7 11. Nd2 Ndf6 12. Ndxe4 Nxe4 13. Qa4+ Qd7 14. Qxd7+ Kxd7 15. Nxe4 Bxe4 16. f3 Bb7 17. h4 Bg7 18. Be2 c5 19. dxc5 bxc5 20. 0-0-0 e5 21. Rd2 Ke6 22. Rhd1 Rad8 23. b4 Bf6 24. h5 f4 25. Bf2 e4 26. exf4 gxf4 27. fxe4 Bxe4 28. Bg4+ Kf7 29. Rxd6 Rxd6 30. Rxd6 cxb4 31. axb4 a6 32. Bc5 Rd8 33. Rxd8 Bxd8 34. Bd6 Bg5 35. Bf3 Bxf3 36. gxf3 Ke6 37. Bc7 Kd7 38. Be5 Kc6 39. Kc2 Kb6 40. Kd3 Kc6 41. Ke4 Kd7 42. Bxf4 Bxf4 43. Kxf4 Ke6 44. Ke4 Kd6 45. f4 Ke6 46. f5+ Kf6 47. c5 Ke7 48. Ke5 Kd7 49. f6 Ke8 50. Ke6 Kf8 51. c6 Ke8 52. c7 Kf8 53. c8Q# 1-0

[Event "CZE-ch U12"]
[Site "Herlikovice"]
[Date "2021.10.23"]
[Round "1"]
[White "Bara, Jan"]
[Black "Stibor, Ondrej"]
[Result "1-0"]
[WhiteElo "1413"]
[BlackElo "1119"]
[PlyCount "37"]
[EventDate "2021.10.23"]
[EventType "swiss"]
[EventRounds "9"]
[EventCountry "CZE"]
[SourceTitle "EXT 2023"]
[Source "ChessBase"]
[SourceDate "2022.10.05"]
[SourceVersion "1"]
[SourceVersionDate "2022.10.05"]
[SourceQuality "1"]

1. d4 d5 2. c4 dxc4 3. e4 Nf6 4. Nc3 Nc6 5. d5 Ne5 6. Bf4 Ng6 7. Bg3 e6 8. Bxc4 Bc5 9. a3 0-0 10. Nf3 exd5 11. Bxd5 Nxd5 12. Qxd5 Qxd5 13. Nxd5 Bd6 14. Nxc7 Bxg3 15. Nxa8 Bd6 16. Rd1 Bb8 17. 0-0 Bg4 18. Rc1 Bxh2+ 19. Nxh2 1-0